Dag Hammarskjold chair for Peace, human rights and conflict management: first anniversary report (2003 to 2004) (Record no. 62664)
[ view plain ]
| 000 -LEADER | |
|---|---|
| fixed length control field | 00952nam a2200193 a 4500 |
| 008 - FIXED-LENGTH DATA ELEMENTS--GENERAL INFORMATION | |
| fixed length control field | 120416s2004 ||||||||||||||||| || u |
| 050 ## - LIBRARY OF CONGRESS CALL NUMBER | |
| Classification number | CBU(058)DAG/2004 |
| 100 ## - MAIN ENTRY--PERSONAL NAME | |
| Personal name | Lwando, Paul |
| 245 10 - TITLE STATEMENT | |
| Title | Dag Hammarskjold chair for Peace, human rights and conflict management: first anniversary report (2003 to 2004) |
| 260 ## - PUBLICATION, DISTRIBUTION, ETC. | |
| Place of publication, distribution, etc. | Kitwe |
| Name of publisher, distributor, etc. | The Dag Hammarsskjold Peace Chair Office (CBU) |
| Date of publication, distribution, etc. | 2004 |
| 300 ## - PHYSICAL DESCRIPTION | |
| Extent | 20p. : ill. |
| 350 ## - PRICE (NR) (BK AM CF MU VM SE) [OBSOLETE] | |
| Price | 0.00 |
| 650 ## - SUBJECT ADDED ENTRY--TOPICAL TERM | |
| Topical term or geographic name entry element | CONFLICT MANAGEMENT--AFRICA |
| 650 ## - SUBJECT ADDED ENTRY--TOPICAL TERM | |
| Topical term or geographic name entry element | CONFLICT MANAGEMENT--DEVELOPING COUNTRIES |
| 650 #0 - SUBJECT ADDED ENTRY--TOPICAL TERM | |
| Topical term or geographic name entry element | PEACE |
| 710 ## - ADDED ENTRY--CORPORATE NAME | |
| Corporate name or jurisdiction name as entry element | The Dag Hammarskjold Peace Chair Steering Committee. Copperbelt University, Zambia |
| 995 ## - RECOMMENDATION 995 [LOCAL, UNIMARC FRANCE] | |
| -- | 0.00 |
| -- | CBU-MAIN LIBRARY (Kitwe) |
| -- | 1 |
| -- | 0.00 |
| -- | 1 |
| -- | AVAILABLE |
| -- | International Publications |
| 995 ## - RECOMMENDATION 995 [LOCAL, UNIMARC FRANCE] | |
| -- | CBU-MAIN LIBRARY (Kitwe) |
| -- | 0.00 |
| -- | 2 |
| -- | AVAILABLE |
| -- | Jul 28, 2022 |
| -- | University Collection |
| Withdrawn status | Lost status | Source of classification or shelving scheme | Damaged status | Not for loan | Home library | Current library | Shelving location | Date acquired | Total Checkouts | Full call number | Barcode | Date last seen | Price effective from | Koha item type |
|---|---|---|---|---|---|---|---|---|---|---|---|---|---|---|
| CBU-MAIN LIBRARY, KITWE. | CBU-MAIN LIBRARY, KITWE. | 12/15/2022 | CBU(058)DAG/2004 | Z019177 | 12/15/2022 | 12/15/2022 | MONOGRAPH | |||||||
| CBU-MAIN LIBRARY, KITWE. | CBU-MAIN LIBRARY, KITWE. | 12/15/2022 | CBU(058)DAG/2004 | B4955 | 12/15/2022 | 12/15/2022 | MONOGRAPH |